[Event "DVM 2012 U16"]
[Site "Naumburg GER"]
[Date "2012.12.28"]
[Round "3"]
[White "Oshionwu, Nelo"]
[Black "Yankelevich, Lev"]
[Result "0-1"]
[WhiteElo "1974"]
[BlackElo "2180"]
[PlyCount "0"]
[EventDate "2012.12.27"]
[WhiteTeam "KSV Rochade Göttingen"]
[BlackTeam "SG Trier"]

1. Nf3 Nf6 2. c4 d6 3. g3 g6 4. b3 Bg7 5. Bb2 O-O 6. Bg2 e5 7. O-O Nc6 8. d3
Bf5 9. Nh4 Be6 10. Nd2 Qd7 11. Nhf3 Bh3 12. e3 Rfe8 13. d4 e4 14. Ne1 Bxg2 15.
Kxg2 Qf5 16. Rc1 g5 17. c5 d5 18. h3 h5 19. a3 Qg6 20. Kh2 Nh7 21. Ng2 f5 22.
Rg1 Nf6 23. b4 Nd8 24. Nf1 Qh6 25. Kh1 Ne6 26. Rc3 Kf7 27. Bc1 Qg6 28. h4 Ng4
29. Rc2 Bf6 30. f3 Nh6 31. hxg5 Qxg5 32. fxe4 fxe4 33. Nf4 Ng4 34. Nxe6 Kxe6
35. Nh2 Rh8 36. Nxg4 hxg4+ 37. Kg2 Rh3 38. Rf2 Rxg3+ 39. Kf1 Rxg1+ 40. Kxg1 Rh8
41. Rf4 Rh4 42. Qf1 Rh6 43. Qe2 Rh4 44. Qf1 Qh6 45. Qg2 Bg5 46. Rxg4 Bxe3+ 47.
Kf1 Rh1+ 48. Ke2 Rh2 49. Rg6+ Qxg6 50. Qxh2 Bxc1 51. Qe5+ Kd7 52. Qxd5+ Kc8 53.
Kd1 Bxa3 54. Qb3 Qg1+ 55. Ke2 Qg2+ 56. Ke1 Qh1+ 57. Kd2 Qc1+ 58. Ke2 Qb2+ 59.
Qxb2 Bxb2 60. Ke3 c6 0-1

[Event "DVM 2012 U16"]
[Site "Naumburg GER"]
[Date "2012.12.28"]
[Round "3"]
[White "Bauer, Lukas"]
[Black "Rosin, Julius"]
[Result "1/2-1/2"]
[WhiteElo "1779"]
[BlackElo "1905"]
[PlyCount "0"]
[EventDate "2012.12.27"]
[WhiteTeam "SG Trier"]
[BlackTeam "KSV Rochade Göttingen"]

1. d4 d5 2. c4 e6 3. g3 Nf6 4. Bg2 c6 5. Nf3 Be7 6. O-O O-O 7. Qc2 b6 8. Nbd2
Bb7 9. Rd1 Nbd7 10. e4 dxe4 11. Nxe4 Nxe4 12. Qxe4 Nf6 13. Qc2 Qc7 14. Bf4 Bd6
15. Bxd6 Qxd6 16. a3 a5 17. Rab1 Rfd8 18. c5 bxc5 19. dxc5 Qc7 20. b3 Nd5 21.
Ng5 Nf6 22. Ne4 Nxe4 23. Bxe4 h6 24. Rxd8+ Rxd8 25. Rd1 Qe7 26. Rxd8+ Qxd8 27.
Qd3 Qxd3 28. Bxd3 Kf8 29. Kg2 Ke7 30. Kf3 Bc8 31. Ke4 Kf6 32. f4 Ke7 33. Kd4
Kd8 34. b4 axb4 35. axb4 Kd7 36. h4 Ke7 37. Ke4 Kd7 38. Be2 Kd8 39. Bd3 Kc7 40.
Be2 Kd8 1/2-1/2

[Event "DVM 2012 U16"]
[Site "Naumburg GER"]
[Date "2012.12.28"]
[Round "3"]
[White "Drehwald, Manuel"]
[Black "Kim, Yun-Ghi"]
[Result "1-0"]
[WhiteElo "1662"]
[BlackElo "1547"]
[PlyCount "0"]
[EventDate "2012.12.27"]
[WhiteTeam "KSV Rochade Göttingen"]
[BlackTeam "SG Trier"]

1. e4 e6 2. d4 d5 3. e5 c5 4. c3 Nc6 5. Nf3 Qb6 6. Bd3 Bd7 7. O-O cxd4 8. cxd4
Nxd4 9. Nxd4 Qxd4 10. Nc3 a6 11. a3 Ne7 12. Re1 Nc6 13. Be3 Qh4 14. Bb6 Be7 15.
Re3 Bd8 16. Bc5 Bc7 17. Bd6 Bxd6 18. exd6 Qf4 19. Nxd5 Qxd6 20. Bxa6 Rxa6 21.
Nf6+ Ke7 22. Qxd6+ Kxd6 23. Rd1+ Ke7 24. Nxd7 Ra5 25. b4 Rb5 26. Nc5 Rd8 27.
Red3 Rxd3 28. Rxd3 Ne5 29. Rd4 b6 30. Na4 Nd7 31. Nc3 Rh5 32. h4 Re5 33. f3 Re3
34. Nb5 Re2 35. Kf1 Ra2 36. Re4 Nf6 37. Rd4 Nd5 38. Re4 f6 39. Re2 Ra1+ 40. Kf2
Rh1 41. g3 g6 42. Kg2 Rc1 43. Kf2 Nc3 44. Nxc3 Rxc3 45. Re3 Rc2+ 46. Re2 Rc3
47. a4 Ra3 48. Rc2 Kd6 49. b5 Rxa4 50. Rc6+ Ke5 51. Rxb6 Ra2+ 52. Ke3 Ra3+ 53.
Kf2 Ra2+ 54. Kg1 Ra1+ 55. Kh2 Ra3 56. Kg2 Ra2+ 57. Kh3 Ra3 58. f4+ Kd5 59. Rb7
e5 60. fxe5 Kxe5 61. Rxh7 Rb3 62. Re7+ Kf5 63. Rb7 Ke5 64. b6 f5 65. Rb8 f4 66.
b7 Kd6 67. Rd8+ Kc7 68. b8=Q+ Rxb8 69. Rxb8 Kxb8 70. gxf4 Kc8 71. Kg4 Kd8 72.
Kg5 Ke7 73. Kxg6 Kf8 74. Kf6 1-0

[Event "DVM 2012 U16"]
[Site "Naumburg GER"]
[Date "2012.12.28"]
[Round "3"]
[White "Pilat, Fabian"]
[Black "Knopf, Felix"]
[Result "0-1"]
[WhiteElo "1938"]
[BlackElo "1922"]
[PlyCount "0"]
[EventDate "2012.12.27"]
[WhiteTeam "SG Bochum"]
[BlackTeam "SV Merseburg"]

1. d4 d5 2. Nf3 Nf6 3. e3 Nbd7 4. Bd3 g6  5. O-O Bg7 6. b4 c6
7. Nbd2 O-O 8. c4 e5 9. dxe5 Ng4 10. Bb2 Ngxe5 11. Nxe5 Nxe5 12. Be2 dxc4 13.
Nxc4 Nxc4 14. Bxg7 Nxe3 15. fxe3 Kxg7 16. Qb3 Qg5 17. Qc3+ Kg8 18. Rf3 Be6 19.
a3 Rae8 20. Raf1 Bd5 21. Rg3 Qe5 22. Qc1 Re7 23. Bc4 Rfe8 24. Bxd5 Qxd5 25. Qc3
Re4 26. Rgf3 f5 27. Qf6 Qe6 28. Qg5 Rg4 29. Qh6 Qa2 30. Qh3 Qc4 31. Qh6 Qe2 32.
Qh3 Rge4 33. Rg3 Rg4 34. Rgf3 Qb2 35. Kh1 Qe2 36. Kg1 Rd8 37. R3f2 Qd3 38. Qh6
Re8 39. Rf3 Qc2 40. R3f2 Qb3 41. Rf3 Qb2 42. Qh3 a5 43. bxa5 Qxa3 44. Qh6 Qe7
45. Qh3 Re4 46. Re1 Qb4 47. Qg3 f4 48. Qh4 fxe3 49. Qf6 Qxe1+ 50. Rf1 Qxf1+ 51.
Qxf1 e2 52. Qe1 Rf8 0-1

[Event "DVM 2012 U16"]
[Site "Naumburg GER"]
[Date "2012.12.28"]
[Round "3"]
[White "Feuerherdt, Martin"]
[Black "Fistoul, Boris"]
[Result "0-1"]
[WhiteElo "1803"]
[BlackElo "1654"]
[PlyCount "0"]
[EventDate "2012.12.27"]
[WhiteTeam "SV Merseburg"]
[BlackTeam "SG Bochum"]

1. e4 e6 2. d4 b6 3. Nf3 Bb7 4. Bd3 c5 5. c3 Nf6 6. e5 Ne4 7. Nbd2 Nxd2 8. Bxd2
Nc6 9. O-O d5 10. Qe2 Be7 11. Be3 Qc7 12. Rac1 c4 13. Bb1 O-O-O 14. Ng5 Bxg5
15. Bxg5 Rdf8 16. f4 h6 17. Bh4 g6 18. Bf6 Rhg8 19. Rf3 h5 20. h3 Ne7 21. g4
Kb8 22. Kf2 Bc8 23. gxh5 Nf5 24. Bxf5 gxf5 25. h6 Rg6 26. Bg7 Rg8 27. Rg1 Qd8
28. Rxg6 fxg6 29. Bf6 Qd7 30. Ke3 Qh7 31. Bg7 Bd7 32. Qg2 Rxg7 33. hxg7 Qxg7
34. Qg5 Kc7 35. h4 Qh7 36. Rg3 Be8 37. Qf6 Kd7 38. Qg5 Bf7 39. Kf2 a5 40. b3 b5
41. Rg1 Qh8 42. Rb1 Qc8 43. Qf6 Be8 44. Qg7+ Kd8 45. Qf8 Qd7 46. bxc4 dxc4 47.
a4 b4 48. cxb4 Qxd4+ 49. Kg3 Qd3+ 50. Kf2 Qxb1 51. Qd6+ Bd7 52. Qf8+ Kc7 53.
Qd6+ Kc8 54. Qc5+ Kb7 55. bxa5 Qc2+ 56. Ke1 Qc3+ 57. Kf1 Qf3+ 58. Ke1 Qg3+ 59.
Ke2 Qg2+ 60. Ke1 Qe4+ 61. Kf2 Qxf4+ 62. Kg1 Qg3+ 63. Kf1 Qf3+ 64. Ke1 Qc6 65.
Qb5+ Ka7 66. Kf2 c3 0-1

[Event "DVM 2012 U16"]
[Site "Naumburg GER"]
[Date "2012.12.28"]
[Round "3"]
[White "Fistoul, Ilja"]
[Black "Hoffmann, Dustin"]
[Result "0-1"]
[WhiteElo "1605"]
[BlackElo "1709"]
[PlyCount "0"]
[EventDate "2012.12.27"]
[WhiteTeam "SG Bochum"]
[BlackTeam "SV Merseburg"]

1. e4 c5 2. Nf3 Nc6 3. d4 cxd4 4. Nxd4 Nf6 5. Nc3 e5 6. Nf3 Bb4 7. Bd2 Bxc3 8.
Bxc3 Nxe4 9. Nxe5 Nxc3 10. Nxc6 Nxd1 11. Nxd8 Nxb2 12. Nxb7 Bxb7 13. Rb1 Bxg2
14. Bxg2 Rb8 15. O-O O-O 16. Rfe1 Nc4 17. Rb7 Rxb7 18. Bxb7 Rb8 19. Bd5 Nb6 20.
Bb3 Kf8 21. Kg2 Rc8 22. Re3 Rc5 23. f4 a5 24. a4 Nd5 25. Rf3 Nb4 26. c4 Rc6 27.
Kf2 Rd6 28. Ke2 Nc6 29. Rd3 Ke7 30. Ke3 Rh6 31. c5 Rxh2 32. Bc4 Rh3+ 33. Ke4
Rxd3 34. Bxd3 f6 35. Ke3 h6 36. Bg6 d5 37. Kd3 Ke6 38. Be8 Nb4+ 39. Kd4 g5 40.
f5+ Ke7 41. Bb5 h5 42. Be2 h4 43. Bg4 Kd7 44. Bh3 Kc6 45. Bg4 Nc2+ 46. Kd3 Ne1+
47. Kd4 Ng2 48. Bf3 Nf4 49. Bg4 h3 50. Bf3 h2 51. Bh1 Ne2+ 52. Ke3 Ng3 53. Bf3
h1=Q 54. Bxh1 Nxh1 0-1

[Event "DVM 2012 U16"]
[Site "Naumburg GER"]
[Date "2012.12.28"]
[Round "3"]
[White "Koch, Christian"]
[Black "Becker, Dirk"]
[Result "1/2-1/2"]
[WhiteElo "1742"]
[BlackElo "1835"]
[PlyCount "0"]
[EventDate "2012.12.27"]
[WhiteTeam "Lukas Schulz"]
[BlackTeam "Leo Katz"]

1. e4 d5 2. exd5 Qxd5 3. Nc3 Qd6 4. d4 Nf6 5. Nf3 c6 6. g3 Bg4 7. Bg2 e6 8. O-O
Be7 9. Bf4 Qd8 10. Qd2 Bxf3 11. Bxf3 Nbd7 12. Ne4 Nb6 13. Qd3 O-O 14. Rad1 Nbd5
15. Nxf6+ Bxf6 16. Bxd5 cxd5 17. Bc1 Qa5 18. a3 Rac8 19. c3 b5 20. f4 Qb6 21.
Kg2 g6 22. Bd2 a5 23. Qf3 Be7 24. h4 b4 25. axb4 axb4 26. Rf2 bxc3 27. bxc3 h5
28. f5 exf5 29. Qxd5 Rfd8 30. Qf3 Bf6 31. Rc1 Qb5 32. Bf4 Qc4 33. Rb2 Ra8 34.
Rcc2 Ra1 35. Rb4 Qa6 36. Bc1 Re8 37. Kf2 Re4 38. Rb8+ Kh7 39. Rbb2 Kg7 40. Kg2
Qe6 41. Qf2 Qd5 42. Kh2 Kh7 43. Ra2 Rxa2 44. Rxa2 Qc4 45. Qd2 Bg7 46. Kg2 Qe6
47. Kf2 f4 48. gxf4 Bh6 49. Ra7 Rxf4+ 50. Qxf4 Bxf4 51. Bxf4 Qf5 52. Ke3 Qh3+
53. Kd2 Qg2+ 54. Ke3 Qg1+ 55. Ke4 Qe1+ 56. Kd3 Qd1+ 57. Ke3 Qc1+ 58. Ke4 Qc2+
59. Kd5 Qf5+ 60. Be5 Kh6 61. c4 f6 62. Rf7 Qf3+ 1/2-1/2

[Event "DVM 2012 U16"]
[Site "Naumburg GER"]
[Date "2012.12.28"]
[Round "3"]
[White "Mönius, Oliver"]
[Black "Weis, Olga"]
[Result "1/2-1/2"]
[WhiteElo "1331"]
[BlackElo "1685"]
[PlyCount "0"]
[EventDate "2012.12.27"]
[WhiteTeam "Lukas Schulz"]
[BlackTeam "Leo Katz"]

1. d4 d5 2. e3 Nf6 3. Bd3 c6 4. f4 g6 5. Nf3 Ne4 6. Nbd2 f5 7. Bxe4 fxe4 8. Ne5
Nd7 9. O-O Bg7 10. b3 O-O 11. Ba3 Nxe5 12. fxe5 Rxf1+ 13. Qxf1 b6 14. Qf2 Bf5
15. Nf1 Qc7 16. Ng3 Be6 17. Ne2 Rf8 18. Nf4 Bc8 19. Qg3 a5 20. Rf1 Bh6 21. Nxg6
Rxf1+ 22. Kxf1 hxg6 23. Qxg6+ Bg7 24. e6 c5 25. Qf7+ Kh7 26. Qh5+ Kg8 27. Qf7+
1/2-1/2

[Event "DVM 2012 U16"]
[Site "Naumburg GER"]
[Date "2012.12.28"]
[Round "3"]
[White "Martin, Richard"]
[Black "Richter, Leonard"]
[Result "0-1"]
[WhiteElo "1692"]
[BlackElo "2010"]
[PlyCount "0"]
[EventDate "2012.12.27"]
[WhiteTeam "SV Unterkochen"]
[BlackTeam "BSG Grün-Weiß Leipzig"]

1. e4 c5 2. Nf3 d6 3. Bb5+ Nd7 4. O-O a6 5. Bxd7+ Bxd7 6. Nc3 Nf6 7. d3 g6 8.
h3 Bg7 9. Be3 Qc7 10. Qd2 O-O 11. Bh6 b5 12. Bxg7 Kxg7 13. a4 b4 14. Ne2 Bc6
15. Ng3 Rad8 16. b3 Qb7 17. h4 h6 18. h5 Kh7 19. hxg6+ fxg6 20. Rae1 d5 21. e5
Ne4 22. Qc1 Nxg3 23. fxg3 d4 24. Qd1 Qd7 25. Nh2 Qd5 26. Qe2 Rf5 27. Rxf5 gxf5
28. Nf3 Rg8 29. Kf2 Rg4 30. e6 Rg6 31. Qe5 f4 32. g4 Rxg4 33. Qxd5 Bxd5 34. Re5
Bxf3 35. Kxf3 Rg5 36. Kxf4 Rxg2 37. Rxc5 Kg6 38. Rc4 a5 39. Kf3 Rh2 40. Kg3 Re2
41. Rc5 Kf6 42. Rxa5 Rxc2 43. Rb5 Rc3 44. Rxb4 Rxd3+ 45. Kf4 Kxe6 46. Rb6+ Kd5
47. a5 e5+ 48. Kg4 Rd1 49. Kf3 e4+ 50. Ke2 Ra1 51. Rxh6 Ra2+ 52. Kd1 e3 53. Rb6
d3 0-1

[Event "DVM 2012 U16"]
[Site "Naumburg GER"]
[Date "2012.12.28"]
[Round "3"]
[White "Schmücker, Felix"]
[Black "Basaran, Mehmet"]
[Result "1/2-1/2"]
[WhiteElo "2038"]
[BlackElo "1659"]
[PlyCount "0"]
[EventDate "2012.12.27"]
[WhiteTeam "BSG Grün-Weiß Leipzig"]
[BlackTeam "SV Unterkochen"]

1. e4 e5 2. Nf3 Nc6 3. Bb5 a6 4. Ba4 Nf6 5. O-O d6 6. d4 b5 7. Bb3 Bg4 8. dxe5
Nxe5 9. Nxe5 dxe5 10. Qe1 Bd6 11. f3 Bd7 12. Bg5 h6 13. Bh4 c6 14. f4 O-O 15.
f5 Qb6+ 16. Kh1 Be7 17. Nd2 c5 18. Bd5 Nxd5 19. exd5 Bxh4 20. Qxh4 f6 21. b3
Rad8 22. c4 Be8 23. Ne4 Bf7 24. Qf2 Rc8 25. b4 bxc4 26. bxc5 Qb7 27. Nd6 Qxd5
28. Nxc8 Rxc8 29. Rad1 Qxc5 30. Rd8+ Kh7 31. Rxc8 Qxc8 32. Qb6 Bd5 33. a3 Qb7
34. Qxb7 Bxb7 35. Rb1 Be4 36. Rb4 Bd3 37. g4 Kg8 38. Kg1 c3 39. Rb3 c2 40. Rc3
Kf7 41. Rc7+ Ke8 42. Kf2 Kd8 43. Rc3 e4 44. Ke3 Kd7 45. Kd4 Kd6 46. h3 Kd7 47.
Rc5 1/2-1/2

[Event "DVM 2012 U16"]
[Site "Naumburg GER"]
[Date "2012.12.28"]
[Round "3"]
[White "Wallinger, Lukas"]
[Black "Caprita, Victor"]
[Result "0-1"]
[WhiteElo "1647"]
[BlackElo "1482"]
[PlyCount "0"]
[EventDate "2012.12.27"]
[WhiteTeam "SV Unterkochen"]
[BlackTeam "BSG Grün-Weiß Leipzig"]

1. e4 e6 2. d4 d5 3. Nc3 Nf6 4. Bg5 Be7 5. exd5 Nxd5 6. Bxe7 Qxe7 7. Nge2 Nc6
8. g3 O-O 9. Bg2 Rd8 10. O-O Nf6 11. Bxc6 bxc6 12. Qc1 Bb7 13. Qe3 Rab8 14.
Rad1 Nd5 15. Qf3 Ba6 16. Nxd5 exd5 17. Rfe1 Re8 18. Rd2 Rxb2 19. Qc3 Qb4 20.
Qxb4 Rxb4 21. f4 Rb2 22. Kf2 Rxa2 23. Nc3 Rxe1 24. Kxe1 Ra1+ 25. Kf2 Rf1+ 26.
Kg2 Re1 27. Kf3 Kf8 28. Na2 Rb1 29. Nc3 Ra1 30. Kg4 Bc8+ 31. Kh4 Re1 32. Re2
Rxe2 33. Nxe2 a5 34. Nc3 Bf5 35. Nb1 Bxc2 36. Na3 Bb3 37. Kg4 Ke7 38. Kf3 a4
39. Ke3 Kd6 40. Kd3 c5 41. g4 cxd4 42. Kxd4 c5+ 43. Kd3 d4 44. h4 Kd5 45. h5
c4+ 46. Kd2 g6 47. hxg6 hxg6 0-1